=LDR 00000nam 2200000 4500 =001 INLIS000000000013128 =005 20130612104553 =008 ***********************************Ind** =035 ##$$0010-061300000013128 =041 ##$$a Ind =082 ##$$a 551.47 =090 ##$$a 551.47, Bro l =100 ##$$a Brooks, Felicity =245 ##$$a Laut dan samudra, Felicity Brooks ; alih bahasa, Wasi Dewanto =260 ##$$a 2004 $b Bandung =300 ##$$a 32 hlm, ilus, 25 cm =650 ##$$a Samudra =700 ##$$a Dewanto, Wasi =850 ##$$a NBPNMAT =990 ##$$a 3616336163 =990 ##$$a 01201436163